People by Images - 'T' - Statistics

General Stats
  • This quiz has been taken 57 times
  • The average score is 6 of 16
Answer Stats
Picture Hint Answer % Correct
Golfer Tiger Woods
95%
Actor Tom Cruise
91%
Singer Taylor Swift
89%
President Theodore Roosevelt
89%
Prime Minister Theresa May
69%
Footballer Tom Brady
53%
Boxer Tyson Fury
27%
Singer Tiffany Darwish
22%
Filmmaker Taika Waititi
20%
Tennis Player Tracy Austin
20%
Emperor Titus
16%
Author Truman Capote
16%
DJ Tiësto
15%
Poet T. S. Eliot
13%
President Tomáš Masaryk
0%
Diplomat Trygve Lie
0%
No matching quizzes found
Score Distribution
Percent of People with Each Score
Percentile by Number Answered
Your Score History
You have not taken this quiz